An expenditure tax.

Bibliographic Details
Main Author: Kaldor, Nicholas, 1908-1986
Format: Book
Language:English
Published: London : Allen & Unwin, [1955]
Subjects:

MARC

Tag First Indicator Second Indicator Subfields
LEADER 00000cam a2200000 4500
001 in00000062766
005 20151008050630.0
008 780527s1955 enk 00000 eng
010 |a  56001276  
035 |a (OCoLC)03932545 
035 |9 AAG2254AM 
040 |a DLC  |c HDC  |d TXA  |d UtOrBLW 
049 |a TXAM  |c [267897] 
050 0 0 |a HJ2351  |b .K3 
082 0 |a 336.2 
092 |a 336.2  |b K14e 
100 1 |a Kaldor, Nicholas,  |d 1908-1986. 
245 1 3 |a An expenditure tax. 
264 1 |a London :  |b Allen & Unwin,  |c [1955] 
300 |a 249 pages ;  |c 23 cm. 
336 |a text  |b txt  |2 rdacontent 
337 |a unmediated  |b n  |2 rdamedia 
338 |a volume  |b nc  |2 rdacarrier 
650 0 |a Taxation. 
999 |a MARS 
999 f f |s d81c999c-ade0-3677-97b0-77b054d8da24  |i a674c785-616f-34e0-a35d-39578b379020  |t 0 
952 f f |p ric  |a Texas A&M University  |b Rellis Campus  |c Joint Library Facility  |d Remote Storage  |t 0  |e HJ2351 .K3  |h Library of Congress classification  |i unmediated -- volume  |m A14800748304 
998 f f |a HJ2351 .K3  |t 0  |l Remote Storage